|
|
|
|
| LEADER |
01832nam a2200469 a 4500 |
| 001 |
000262327 |
| 003 |
CZ BrMZK |
| 005 |
20210503194843.0 |
| 007 |
ta |
| 008 |
980115s1997 xr g jacze d |
| 015 |
|
|
|a cnb000298646
|
| 020 |
|
|
|a 80-901790-5-3
|
| 035 |
|
|
|a (OCoLC)39316450
|
| 040 |
|
|
|a BOA001
|b cze
|
| 043 |
|
|
|a e-xr---
|
| 045 |
|
|
|a x2x9
|
| 072 |
|
7 |
|a 27
|x Křesťanství. Křesťanská církev všeobecně. Eklesiologie
|2 Konspekt
|9 5
|
| 072 |
|
7 |
|a 929
|x Biografie
|2 Konspekt
|9 8
|
| 080 |
|
|
|a 272-722.53
|2 MRF
|
| 080 |
|
|
|a 2-423.79
|2 MRF
|
| 080 |
|
|
|a 27
|2 MRF
|
| 080 |
|
|
|a 929
|2 MRF
|
| 080 |
|
|
|a (437.3)
|2 MRF
|
| 080 |
|
|
|a (0:82-322.6)
|2 MRF
|
| 100 |
1 |
|
|a Lukeš, František,
|d 1921-1998
|7 jk01072618
|4 aut
|
| 245 |
1 |
0 |
|a Mám tolik práce, že si jdu raději lehnout /
|c František Lukeš ; [literární spolupráce Josef Čejka ; ilustrace Vladimír Komárek]
|
| 250 |
|
|
|a 1. vyd.
|
| 260 |
|
|
|a Poděbrady :
|b Zámek,
|c 1997
|
| 300 |
|
|
|a 147 s., [8] s. obrazových příloh :
|b il. ;
|c 18 cm
|
| 500 |
|
|
|a Dostupné též v digitální podobě v aplikaci Kramerius
|
| 600 |
1 |
7 |
|a Lukeš, František,
|d 1921-1998
|7 jk01072618
|2 czenas
|
| 648 |
|
7 |
|a 20. století
|7 ch460558
|
| 648 |
|
4 |
|a 1921-1998
|
| 650 |
0 |
7 |
|a katoličtí kněží
|7 ph114899
|z Česko
|y 20. století
|2 czenas
|
| 650 |
0 |
7 |
|a láska
|7 ph117230
|x křesťanské pojetí
|2 czenas
|
| 655 |
|
7 |
|a autobiografické příběhy
|7 fd131891
|2 czenas
|
| 700 |
1 |
|
|a Komárek, Vladimír,
|d 1928-2002
|7 jk01061431
|4 ill
|
| 700 |
1 |
|
|a Čejka, Josef,
|d 1946-
|7 jn19990209113
|4 oth
|
| 856 |
4 |
1 |
|u http://www.digitalniknihovna.cz/mzk/uuid/uuid:f17cd630-ccc7-11ea-9c41-005056827e52
|y Digitalizovaný dokument
|x NDK
|
| 910 |
|
|
|a BOA001
|b 1-1040.079
|
| 990 |
|
|
|a BK
|
| 996 |
6 |
|
|b 2610062814
|c 1-1040.079
|l MZK
|r Sklad / do 1 hodiny
|n 11
|p p.v.
|w 000262327
|u 000010
|a 1
|e BOA001
|j MZK50
|s P
|